| 000 | 00769nam a22001697a 4500 | ||
|---|---|---|---|
| 003 | BD-DhUL | ||
| 005 | 20170517181104.0 | ||
| 008 | 170517s2001 bg ||||| |||| 00| 0 ben | ||
| 040 |
_aBD-DhUL _cBD-DhUL |
||
| 082 |
_a954.922 _bGUB |
||
| 100 | 1 | _aগুপ্ত, যোগেন্দ্রনাথ | |
| 245 | 1 | 0 |
_aবিক্রমপুরের ইতিহাস : _bপ্রাচীন বৈদিক যুগ হইতে মুসলমান বিজয় পর্যন্ত, ১ম খণ্ড / |
| 260 |
_aঢাকা : _bঘাসফুল নদী, _c২০০১. |
||
| 300 |
_aখ. : _bচিত্র, মানচিত্র ; _c২২ সেমি. |
||
| 651 | 0 | _aবিক্রমপুর - ইতিহাস | |
| 942 |
_2ddc _cBK |
||
| 999 |
_c199026 _d199026 |
||